The Psalms : (Record no. 1613)
[ view plain ]
| 000 -LEADER | |
|---|---|
| fixed length control field | 00694nam a2200217 a 4500 |
| 001 - CONTROL NUMBER | |
| control field | 0000001665 |
| 005 - DATE AND TIME OF LATEST TRANSACTION | |
| control field | 20140825163952.0 |
| 008 - FIXED-LENGTH DATA ELEMENTS--GENERAL INFORMATION | |
| fixed length control field | 850829s1984 tnua 00110 eng |
| 020 ## - INTERNATIONAL STANDARD BOOK NUMBER | |
| International Standard Book Number | 0835804852 (pbk.) |
| 035 ## - SYSTEM CONTROL NUMBER | |
| System control number | 84050842 |
| 040 ## - CATALOGING SOURCE | |
| Original cataloging agency | PUL |
| 050 ## - LIBRARY OF CONGRESS CALL NUMBER | |
| Classification number | BS1440 |
| Item number | .C37 1984 |
| 100 10 - MAIN ENTRY--PERSONAL NAME | |
| Personal name | Chamberlain, Gary. |
| 245 14 - TITLE STATEMENT | |
| Title | The Psalms : |
| Remainder of title | a new translation for prayer and worship / |
| Statement of responsibility, etc | translated by Gary Chamberlain. |
| 260 0# - PUBLICATION, DISTRIBUTION, ETC. (IMPRINT) | |
| Place of publication, distribution, etc | Nashville, Tenn. : |
| Name of publisher, distributor, etc | Upper Room, |
| Date of publication, distribution, etc | c1984. |
| 300 ## - PHYSICAL DESCRIPTION | |
| Extent | 187 p. : |
| Other physical details | ill. ; |
| Dimensions | 22 cm. |
| 500 ## - GENERAL NOTE | |
| General note | Includes index. |
| 630 00 - SUBJECT ADDED ENTRY--UNIFORM TITLE | |
| Uniform title | Bible. |
| Name of part/section of a work | O.T. |
| -- | Psalms |
| General subdivision | Paraphrases, English. |
| 730 42 - ADDED ENTRY--UNIFORM TITLE | |
| Uniform title | Bible. |
| Name of part/section of a work | O.T. |
| -- | Psalms. |
| Language of a work | English. |
| Version | Chamberlain. |
| Date of a work | 1984. |
| 908 ## - PUT COMMAND PARAMETER (RLIN) | |
| Put command parameter | 050124 |
| Withdrawn status | Lost status | Source of classification or shelving scheme | Damaged status | Not for loan | Home library | Current library | Date acquired | Source of acquisition | Total Checkouts | Full call number | Barcode | Date last seen | Price effective from | Koha item type |
|---|---|---|---|---|---|---|---|---|---|---|---|---|---|---|
| Library of Congress Classification | Presbyterian University of East Africa - Main Library | Presbyterian University of East Africa - Main Library | 26/12/2012 | Donation | BS1440 .C37 1984 | 020010001811 | 26/12/2012 | 26/12/2012 | General circulation books |
